| Record ID | ia:workitsdisconten0000bell |
| Source | Internet Archive |
| Download MARC XML | https://archive.org/download/workitsdisconten0000bell/workitsdisconten0000bell_marc.xml |
| Download MARC binary | https://www.archive.org/download/workitsdisconten0000bell/workitsdisconten0000bell_meta.mrc |
LEADER: 00581cam 22002290 4500
001 0116301065805
008 750721s1956 mau eng e
010 $a56011982
035 $a(Sirsi) AAH-9927
035 $a22701171.C..
040 $aOPET$beng
046 $aLC
050 4 $aHD4904$b.B44 1956
082 $a331.01
090 0 $aHD 4904 .B44$bb
100 1 $aBell, Daniel.
245 10 $aWork and its discontents /$dDaniel Bell. --
260 $aBoston :$bBeacon Press,$c1956.
300 $a56 p.
533 $aPhotocopy.$d1957.
650 0 $aPsychology, Industrial.
650 0 $aWork.